Antología de teatro popular.

Uloženo v:
Podrobná bibliografie
Korporativní autor: Instituto Nacional para la Educación de los Adultos (México)
Médium: Kniha
Jazyk:španělština
Témata:
Tagy: Přidat tag
Žádné tagy, Buďte první, kdo vytvoří štítek k tomuto záznamu!

MARC

LEADER 00000cam^a2200000uu^4500
001 000482021
005 20250521000000.0
008 050901s1993^^^^^^^^^^^^rd^r^^000^0^spa^d
009 20260310125037.443
022 |a 9682947014 
035 |a FCE 000025060 
035 |a FCE 012540 
037 |a Acervo ITESO - Biblioteca 
041 |a spa 
082 0 4 |a 808.82  |b INEAa 
110 |a Instituto Nacional para la Educación de los Adultos (México) 
245 1 0 |a Antología de teatro popular. 
264 |a México :  |b INEA,  |c 1993. 
300 |a 150 p. 
336 |a texto  |b txt  |2 rdacontenido 
337 |a sin mediación  |b n  |2 rdamedio 
338 |a volumen  |b nc  |2 rdasoporte 
649 |a XX 
650 |a Educación popular 
650 |a Teatro 
650 |a Antología 
910 |a Fondo Centro de Estudios Educativos 
920 |a Impresos - Libros 
930 |a Fondos Especiales 
905 |a 133 
901 |a ALE012540  |b IT2  |c CEE  |u 20250521 
901 |a ALE046719  |b IT2  |c CEE  |u 20250521 
902 |a https://opac.biblio.iteso.mx/vufind/Record/000482021